MANUAL OF PRACTICAL GYNAECOLOGICAL ONCOLOGY / (Record no. 796201)

MARC details
000 -LEADER
fixed length control field 00515pam a2200181 a 4500
020 ## - INTERNATIONAL STANDARD BOOK NUMBER
International Standard Book Number 0412569906
Terms of availability 325
041 ## - LANGUAGE CODE
Language code of text/sound track or separate title asm
Language code of original asm
082 ## - DEWEY DECIMAL CLASSIFICATION NUMBER
Classification number 618.2/BLO/DEH/SOE
Item number BLO/DEH/SO
100 ## - MAIN ENTRY--PERSONAL NAME
Personal name BLOCH, B .
245 ## - TITLE STATEMENT
Title MANUAL OF PRACTICAL GYNAECOLOGICAL ONCOLOGY /
Statement of responsibility, etc. NULL.
Medium Textual Documents
260 ## - PUBLICATION, DISTRIBUTION, ETC.
Place of publication, distribution, etc. NULL :
Name of publisher, distributor, etc. JAYPEE BROTHERS MEDICAL PUB. ,
Date of publication, distribution, etc. 2004.
300 ## - PHYSICAL DESCRIPTION
Extent 198 :
Other physical details X ;
Dimensions A4 .
365 ## - TRADE PRICE
Price type code 325
650 ## - SUBJECT ADDED ENTRY--TOPICAL TERM
Topical term or geographic name entry element OBST.GYNE
700 ## - ADDED ENTRY--PERSONAL NAME
Personal name DEHAECK, K .
-- SOETERS, R .
930 ## - EQUIVALENCE OR CROSS-REFERENCE-UNIFORM TITLE HEADING [LOCAL, CANADA]
Uniform title 1665
Holdings
Withdrawn status Lost status Damaged status Not for loan Collection Home library Current library Date acquired Cost, normal purchase price Total Checkouts Full call number Barcode Date last seen Copy number Price effective from Koha item type
          Medical College & Hospital, Sangli Medical College & Hospital, Sangli 28/11/2011 325.00   618.2/BLO/DEH/SOE BLO/DEH/SO MCS-4286 26/07/2023 1 26/07/2023 Book